| 000 | 00778nam a2200265Ia 4500 | ||
|---|---|---|---|
| 001 | Para_4796 | ||
| 003 | CHAP | ||
| 008 | 220125s1918 xx 000 0 und d | ||
| 010 | _a203172 | ||
| 040 | _cCHAP | ||
| 090 | _aPA FOLLETO 2198 | ||
| 100 |
_aSeverin, H. C. _9105395 |
||
| 245 |
_aNursery inspection law of south Dakota / _c H. C. Severin |
||
| 260 |
_aBrookings : _b Office of the State Entomologist of South Dakota |
||
| 300 | _a8 p. | ||
| 440 |
_aSouth Dakota Office of the State Entomologist Circular; 1 _9168813 |
||
| 650 |
_aSemillas _x Legislación _9103908 |
||
| 901 | _aPA FOLLETO 2198 | ||
| 902 | _aA | ||
| 905 | _a0000001918 BRO 0000000000 00 | ||
| 910 | _a1918 | ||
| 942 | _cPARA | ||
| 942 |
_cPARA _d1 |
||
| 999 |
_c203172 _d203172 |
||